000 00253nam a2200097Ia 4500
001 687863
005 20250826161604.0
008 250824s9999 xx 000 0 und d
245 0 _aGÜMÜŞDERE
_cSADETTİN KAPLAN
260 _bBİLGE KÜLTÜR SANAT YAYINLARI
999 _c687863
_d687863